000 00503nam a2200181Ia 4500
001 7376
005 20260306160450.0
008 260306t2010||||xx |||||||||||||| ||spa||
041 _aESP
082 _a338.85
_bA74
100 _aArmas Asín, Fernando,
_eAUT
245 0 _aPatrimonio divino y capitalismo criollo :
_bel proceso desamortizador de censos eclesiásticos en el Perú
260 _c2010
300 _a254 páginas :
_c24 cm.
650 _aGEN
654 _aCAN
942 _cLIB
_dJUS
_fJUS
_2ddc
_n
999 _c7376
_d7376